<?xml version="1.0" encoding="UTF-8"?><?xml-stylesheet type="text/xsl" href="static/style.xsl"?><OAI-PMH xmlns="http://www.openarchives.org/OAI/2.0/" xmlns:xsi="http://www.w3.org/2001/XMLSchema-instance" xsi:schemaLocation="http://www.openarchives.org/OAI/2.0/ http://www.openarchives.org/OAI/2.0/OAI-PMH.xsd"><responseDate>2026-04-17T04:24:23Z</responseDate><request verb="GetRecord" identifier="oai:www.recercat.cat:10256/19464" metadataPrefix="marc">https://recercat.cat/oai/request</request><GetRecord><record><header><identifier>oai:recercat.cat:10256/19464</identifier><datestamp>2024-06-18T13:37:24Z</datestamp><setSpec>com_2072_452955</setSpec><setSpec>com_2072_2054</setSpec><setSpec>col_2072_452958</setSpec></header><metadata><record xmlns="http://www.loc.gov/MARC21/slim" xmlns:dcterms="http://purl.org/dc/terms/" xmlns:xsi="http://www.w3.org/2001/XMLSchema-instance" xmlns:doc="http://www.lyncode.com/xoai" xsi:schemaLocation="http://www.loc.gov/MARC21/slim http://www.loc.gov/standards/marcxml/schema/MARC21slim.xsd">
   <leader>00925njm 22002777a 4500</leader>
   <datafield ind2=" " ind1=" " tag="042">
      <subfield code="a">dc</subfield>
   </datafield>
   <datafield ind2=" " ind1=" " tag="720">
      <subfield code="a">Díaz-Rizzolo, D. A.</subfield>
      <subfield code="e">author</subfield>
   </datafield>
   <datafield ind2=" " ind1=" " tag="720">
      <subfield code="a">Kostov, B.</subfield>
      <subfield code="e">author</subfield>
   </datafield>
   <datafield ind2=" " ind1=" " tag="720">
      <subfield code="a">López Siles, Mireia</subfield>
      <subfield code="e">author</subfield>
   </datafield>
   <datafield ind2=" " ind1=" " tag="720">
      <subfield code="a">Serra, A.</subfield>
      <subfield code="e">author</subfield>
   </datafield>
   <datafield ind2=" " ind1=" " tag="720">
      <subfield code="a">Colungo, C.</subfield>
      <subfield code="e">author</subfield>
   </datafield>
   <datafield ind2=" " ind1=" " tag="720">
      <subfield code="a">González-de-Paz, L.</subfield>
      <subfield code="e">author</subfield>
   </datafield>
   <datafield ind2=" " ind1=" " tag="720">
      <subfield code="a">Martínez Medina, Margarita</subfield>
      <subfield code="e">author</subfield>
   </datafield>
   <datafield ind2=" " ind1=" " tag="720">
      <subfield code="a">Sisó Almirall, Antoni</subfield>
      <subfield code="e">author</subfield>
   </datafield>
   <datafield ind2=" " ind1=" " tag="720">
      <subfield code="a">Gomis, Ramon</subfield>
      <subfield code="e">author</subfield>
   </datafield>
   <datafield ind2=" " ind1=" " tag="260">
      <subfield code="c">2020-02-01</subfield>
   </datafield>
   <datafield ind2=" " ind1=" " tag="520">
      <subfield code="a">Background&#xd;
Prediabetes and old age are both high risk factors for developing Type 2 Diabetes (T2D), while obesity is one of the most important factors triggering the disease. Nutritional interventions are the most effective tool for preventing T2D, as they improve different biochemical and anthropometric outcomes and growth-promoting/inhibiting gut microbiota populations. However, to date there are no specific dietary recommendations to stop the development of T2D in elderly groups, for whom hypocaloric diets and other commonly used weight-loss programs could be considered dangerous. The objective of our study, thus, was to understand the impact of dietary patterns on T2D risk as related to gut microbiota profile in obese and non-obese elderly prediabetic subjects.&#xd;
&#xd;
Methods&#xd;
A cross-sectional study was performed in 182 subjects ≥65 years old with prediabetes, divided into obese (OB) or non-obese (NOB) subgroups, and their risk of developing T2D was measured according to FINDRISK score and biochemical parameters. Also, clusters into different dietary patterns in each group by PCA analysis was related with gut microbiota, which was analyzed from stool samples by qPCR. The creation of clusters was used to re-evaluate T2D risk.&#xd;
&#xd;
Results&#xd;
OB was at higher risk of developing T2D and showed worse metabolic outcomes. Unhealthier and healthier dietary pattern clusters were observed for both OB (OB-6 and OB-5 respectively) and NOB (NOB-2 and NOB-3 respectively) groups. Results obtained from the gut microbiota showed that only Prevotella was higher in NOB, but when comparisons were made between clusters, a clear relation with dietary pattern was observed; showing in healthier dietary clusters a decrease in Prevotella, an increase of Faecalibacterium prausnitzii and an increase in lactic acid bacteria. T2D risk was greater in the obese group between unhealthier dietary clusters. No difference between healthier dietary clusters was observed.&#xd;
&#xd;
Conclusion&#xd;
A healthy dietary pattern and the growth-promoting beneficial and growth-inhibiting disadvantageous gut microbiota populations linked to it provide protection against the development of T2D in an obese population with advanced age and preDM</subfield>
   </datafield>
   <datafield ind1="8" ind2=" " tag="024">
      <subfield code="a">http://hdl.handle.net/10256/19464</subfield>
   </datafield>
   <datafield tag="653" ind2=" " ind1=" ">
      <subfield code="a">Diabetis</subfield>
   </datafield>
   <datafield tag="653" ind2=" " ind1=" ">
      <subfield code="a">Diabetes</subfield>
   </datafield>
   <datafield tag="653" ind2=" " ind1=" ">
      <subfield code="a">Intestins -- Microbiologia</subfield>
   </datafield>
   <datafield tag="653" ind2=" " ind1=" ">
      <subfield code="a">Intestines -- Microbiology</subfield>
   </datafield>
   <datafield tag="653" ind2=" " ind1=" ">
      <subfield code="a">Obesitat</subfield>
   </datafield>
   <datafield tag="653" ind2=" " ind1=" ">
      <subfield code="a">Obesity</subfield>
   </datafield>
   <datafield ind2="0" ind1="0" tag="245">
      <subfield code="a">Healthy dietary pattern and their corresponding gut microbiota profile are linked to a lower risk of type 2 diabetes, independent of the presence of obesity</subfield>
   </datafield>
</record></metadata></record></GetRecord></OAI-PMH>